[Event "Zuerich op 33rd"]
[Site "Zuerich"]
[Date "2009.12.29"]
[Round "5"]
[White "Glauser, Hansruedi"]
[Black "Heimann, Andreas"]
[Result "0-1"]
[WhiteElo "2184"]
[BlackElo "2441"]
[PlyCount "52"]
[EventDate "2009.12.26"]
[EventType "swiss"]
[EventRounds "7"]
[EventCountry "SUI"]
[SourceTitle "CBM 134 Extra"]
[Source "ChessBase"]
[SourceDate "2010.03.03"]
[SourceVersion "1"]
[SourceVersionDate "2010.03.03"]
[SourceQuality "1"]

1. e4 e5 2. Nf3 Nc6 3. Bb5 a6 4. Ba4 Nf6 5. 0-0 Be7 6. Re1 b5 7. Bb3 0-0 8. d4 d6 9. c3 Bg4 10. Be3 exd4 11. cxd4 Na5 12. Bc2 c5 13. h3 Bh5 14. g4 Bg6 15. Nbd2 d5 16. e5 Ne4 17. dxc5 Nxd2 18. Bxd2 Nc4 19. Bc3 Bxc5 20. b3 Qb6 21. Bxg6 Bxf2+ 22. Kh1 Bxe1 23. Nxe1 fxg6 24. Bd4 Qb7 25. bxc4 dxc4+ 26. Ng2 Rf3 0-1

[Event "Winterthur op 9th"]
[Site "Winterthur"]
[Date "2009.10.03"]
[Round "1"]
[White "Berczes, David"]
[Black "Glauser, Hansruedi"]
[Result "1/2-1/2"]
[WhiteElo "2521"]
[BlackElo "2158"]
[PlyCount "78"]
[EventDate "2009.10.03"]
[EventType "swiss"]
[EventRounds "9"]
[EventCountry "SUI"]
[SourceTitle "CBM 132 Extra"]
[Source "ChessBase"]
[SourceDate "2009.11.03"]
[SourceVersion "1"]
[SourceVersionDate "2009.11.03"]
[SourceQuality "1"]

1. d4 Nf6 2. c4 g6 3. Nc3 d5 4. cxd5 Nxd5 5. e4 Nxc3 6. bxc3 Bg7 7. Bg5 c5 8. Rc1 Qa5 9. Qd2 h6 10. Be3 cxd4 11. cxd4 Qxd2+ 12. Kxd2 0-0 13. Nf3 Rd8 14. Ke1 Bg4 15. Ne5 Bxe5 16. dxe5 Nc6 17. f4 Be6 18. a3 Rac8 19. Kf2 Na5 20. Be2 Nb3 21. Rxc8 Rxc8 22. Rb1 Rc2 23. Ke1 b6 24. f5 gxf5 25. exf5 Bd5 26. Rd1 e6 27. Bxh6 Rc3 28. Bg5 Nc5 29. Be7 Rxa3 30. Rd4 Ra4 31. Rxa4 Nxa4 32. g4 exf5 33. gxf5 Be4 34. Bg4 Nc5 35. Ke2 a5 36. Ke3 a4 37. e6 fxe6 38. Bxc5 bxc5 39. Kxe4 exf5+ 1/2-1/2

[Event "Zuerich op-A 32nd"]
[Site "Zuerich"]
[Date "2008.12.30"]
[Round "7"]
[White "Glauser, Hansruedi"]
[Black "Hobuss, Udo"]
[Result "0-1"]
[WhiteElo "2182"]
[BlackElo "2405"]
[PlyCount "92"]
[EventDate "2008.12.26"]
[EventType "swiss"]
[EventRounds "7"]
[EventCountry "SUI"]
[SourceTitle "CBM 127 Extra"]
[Source "ChessBase"]
[SourceDate "2009.01.08"]
[SourceVersion "2"]
[SourceVersionDate "2009.01.28"]
[SourceQuality "1"]

1. e4 c5 2. Nf3 e6 3. d4 cxd4 4. Nxd4 Nf6 5. Nc3 Nc6 6. Ndb5 d6 7. Bf4 e5 8. Bg5 a6 9. Na3 b5 10. Nd5 Be7 11. Bxf6 Bxf6 12. c4 b4 13. Nc2 Rb8 14. b3 Bg5 15. g3 a5 16. Bg2 0-0 17. 0-0 Qd7 18. Qd3 Qa7 19. Nce3 Bxe3 20. Nxe3 Rd8 21. h4 Nd4 22. Nf5 Ne6 23. Kh2 g6 24. Ne3 Nc5 25. Qc2 Bb7 26. h5 Bc6 27. Rab1 Qb7 28. Nd5 Bxd5 29. cxd5 Qe7 30. Qd2 Rd7 31. Qe3 Ra7 32. Rfc1 f5 33. exf5 gxf5 34. Rc4 Qf6 35. f4 e4 36. Bf1 Rg7 37. Be2 h6 38. Qd4 Qe7 39. Rg1 Kh7 40. Rcc1 Rbg8 41. Kh3 Qf7 42. Kh2 Nd3 43. Rcf1 Rc8 44. Bxd3 Qxh5+ 45. Kg2 exd3 46. Rf2 Rxg3+ 0-1

[Event "Zuerich op-A 32nd"]
[Site "Zuerich"]
[Date "2008.12.27"]
[Round "2"]
[White "Varga, Zoltan"]
[Black "Glauser, Hansruedi"]
[Result "1/2-1/2"]
[WhiteElo "2494"]
[BlackElo "2182"]
[PlyCount "54"]
[EventDate "2008.12.26"]
[EventType "swiss"]
[EventRounds "7"]
[EventCountry "SUI"]
[SourceTitle "CBM 127 Extra"]
[Source "ChessBase"]
[SourceDate "2009.01.08"]
[SourceVersion "2"]
[SourceVersionDate "2009.01.28"]
[SourceQuality "1"]

1. e4 c5 2. Nf3 Nc6 3. b3 d6 4. Bb2 Nf6 5. Nc3 e6 6. d4 cxd4 7. Nxd4 Be7 8. g3 0-0 9. Bg2 Bd7 10. 0-0 Nxd4 11. Qxd4 Bc6 12. Ne2 Qc7 13. c4 Rfd8 14. Rac1 b6 15. h3 Qb7 16. Nc3 a6 17. b4 b5 18. cxb5 axb5 19. a3 Rac8 20. Rfe1 Bf8 21. Red1 Qb8 22. Rc2 Be8 23. Rdc1 Nd7 24. Bf1 Ne5 25. Be2 Nc4 26. Nd1 Nxb2 27. Qxb2 Be7 1/2-1/2

[Event "EU-chT Seniors 09th"]
[Site "Dresden"]
[Date "2007.02.20"]
[Round "5"]
[White "Glauser, Hansruedi"]
[Black "Karasev, Vladimir I"]
[Result "1/2-1/2"]
[WhiteElo "2193"]
[BlackElo "2378"]
[PlyCount "75"]
[EventDate "2007.02.16"]
[EventType "team-swiss"]
[EventRounds "9"]
[EventCountry "GER"]
[SourceTitle "CBM 117 Extra"]
[Source "ChessBase"]
[SourceDate "2007.05.09"]
[SourceVersion "1"]
[SourceVersionDate "2007.05.09"]
[SourceQuality "1"]

1. e4 c5 2. Nf3 e6 3. d4 cxd4 4. Nxd4 a6 5. Nc3 Qc7 6. Bd3 Bd6 7. Nf3 Nc6 8. Qe2 Nge7 9. Be3 b5 10. a4 b4 11. Nb1 Ng6 12. Nbd2 Nf4 13. Bxf4 Bxf4 14. 0-0 Bb7 15. Nc4 d6 16. g3 Bh6 17. e5 dxe5 18. Ncxe5 g6 19. Be4 0-0 20. Bxc6 Bxc6 21. Nxc6 Qxc6 22. Ne5 Qc7 23. Nc4 Bg7 24. Rad1 h5 25. b3 h4 26. Qe4 hxg3 27. hxg3 Rad8 28. Kg2 Qc5 29. Rh1 Rd5 30. Ne3 Re5 31. Qc4 Qb6 32. Rd7 Rc5 33. Qe4 Re5 34. Qc4 a5 35. Rhd1 Rh5 36. Qc7 Qa6 37. Nc4 Bf6 38. Qb7 1/2-1/2

[Event "Winterthur op"]
[Site "Winterthur"]
[Date "2006.10.11"]
[Round "6"]
[White "Glauser, Hansruedi"]
[Black "Kurmann, Oliver"]
[Result "0-1"]
[WhiteElo "2199"]
[BlackElo "2417"]
[PlyCount "72"]
[EventDate "2006.10.06"]
[EventType "swiss"]
[EventRounds "9"]
[EventCountry "SUI"]
[SourceTitle "EXT 2007"]
[Source "ChessBase"]
[SourceDate "2006.11.23"]
[SourceVersion "1"]
[SourceVersionDate "2006.11.23"]
[SourceQuality "1"]

1. e4 c5 2. c3 Nf6 3. e5 Nd5 4. Nf3 e6 5. d4 cxd4 6. cxd4 d6 7. a3 Bd7 8. Bd3 Bc6 9. 0-0 Nd7 10. Qe2 Be7 11. Re1 a6 12. Bd2 Rc8 13. Nc3 Nxc3 14. Bxc3 0-0 15. Rad1 Bd5 16. Bb4 dxe5 17. Bxe7 Qxe7 18. dxe5 Rfd8 19. Be4 Nb6 20. Bxd5 Rxd5 21. Rxd5 Nxd5 22. Qd2 Qc5 23. g3 h6 24. Rd1 Qc2 25. Qxc2 Rxc2 26. Rd2 Rc1+ 27. Kg2 g5 28. h3 Kg7 29. Nd4 Kg6 30. Ne2 Re1 31. g4 h5 32. Kf3 Nb6 33. b3 Rb1 34. Rd3 h4 35. Ke4 Rb2 36. Kf3 Nd5 0-1